INTRODUCCION AL ESTUDIO DEL DERECHO (Registro nro. 830)

Detalles MARC
000 -LEADER
campo de control de longitud fija 00714nam a22002177a 4500
001 - NÚMERO DE CONTROL
campo de control 4031
005 - FECHA Y HORA DE LA ÚLTIMA TRANSACCIÓN
campo de control 20250522045545.0
008 - DATOS DE LONGITUD FIJA--INFORMACIÓN GENERAL
campo de control de longitud fija 523020 dr
020 ## - NÚMERO INTERNACIONAL ESTÁNDAR DEL LIBRO
Número Internacional Estándar del Libro [sin ISBN]
082 ## - NÚMERO DE LA CLASIFICACIÓN DECIMAL DEWEY
Número de clasificación RD 340 G164i
100 ## - ENTRADA PRINCIPAL--NOMBRE DE PERSONA
Nombre de persona GARCIA, FERMIN FRANKLIN
245 ## - MENCIÓN DEL TÍTULO
Título INTRODUCCION AL ESTUDIO DEL DERECHO
Mención de responsabilidad, etc. Franklin García Fermín y Rosalía Sosa Pérez
260 ## - PUBLICACIÓN, DISTRIBUCIÓN, ETC.
Lugar de publicación, distribución, etc. Santo Domingo :
Nombre del editor, distribuidor, etc. EDICIONES JURIDICAS TRAJANO POTENTINI
300 ## - DESCRIPCIÓN FÍSICA
Extensión xxvi, 355, [7]p/21cm
500 ## - NOTA GENERAL
Nota general Edición Corregida, Ampliada y Renovada
504 ## - NOTA DE BIBLIOGRAFÍA, ETC.
Nota de bibliografía, etc. Nota Incluye Bibliografía
505 ## - NOTA DE CONTENIDO CON FORMATO
Nota de contenido con formato Incluye Tabla de Contenido
650 ## - PUNTO DE ACCESO ADICIONAL DE MATERIA--TÉRMINO DE MATERIA
Término de materia o nombre geográfico como elemento de entrada 1.INTRODUCCION AL DERECHO
650 ## - PUNTO DE ACCESO ADICIONAL DE MATERIA--TÉRMINO DE MATERIA
Fuente del encabezamiento o término 2.DERECHO FILOSOFIA
700 ## - ENTRADA AGREGADA--NOMBRE PERSONAL
Nombre de persona I.SOSA PEREZ, ROSALIA COAUT
Existencias
Estatus retirado Estado de pérdida Estado de daño No para préstamo Colección Biblioteca de origen Biblioteca actual Fecha de adquisición Total de préstamos Signatura topográfica completa Código de barras Visto por última vez Copia número Precio de reemplazo Tipo de ítem Koha
        Acervo general de Libros Biblioteca Central Mons. Favio M. Rivas S. Biblioteca Central Mons. Favio M. Rivas S. 07/08/2013   RD 340 G164i 000000001022 23/05/2025 1 23/05/2025 Libros
        Acervo general de Libros Biblioteca Central Mons. Favio M. Rivas S. Biblioteca Central Mons. Favio M. Rivas S. 07/08/2013   RD 340 G164i 000000001023 23/05/2025 2 23/05/2025 Libros
        Acervo general de Libros Biblioteca Central Mons. Favio M. Rivas S. Biblioteca Central Mons. Favio M. Rivas S. 07/08/2013 1 RD 340 G164i 000000001024 23/05/2025 3 23/05/2025 Libros